Project partnering in the international construction industry (Record no. 73709)
[ view plain ]
| 000 -LEADER | |
|---|---|
| fixed length control field | 01136cam a2200229 4500 |
| 001 - CONTROL NUMBER | |
| control field | ABS67130 |
| 008 - FIXED-LENGTH DATA ELEMENTS--GENERAL INFORMATION | |
| fixed length control field | 031029n2003 000 0 eng u |
| 035 ## - SYSTEM CONTROL NUMBER | |
| System control number | (Sirsi) u124176 |
| 100 ## - MAIN ENTRY--PERSONAL NAME | |
| Personal name | Skeggs, C. |
| 245 ## - TITLE STATEMENT | |
| Title | Project partnering in the international construction industry |
| 260 ## - PUBLICATION, DISTRIBUTION, ETC. | |
| Date of publication, distribution, etc. | 2003 |
| 490 ## - SERIES STATEMENT | |
| Series statement | International Construction Law Review |
| Volume/sequential designation | 20(4) October 2003, 456-482(27) |
| 520 ## - SUMMARY, ETC. | |
| Summary, etc. | Investigates project partnering in the context of the international construction industry. The findings are mainly based on responses to a survey and direct consultations with the leading European construction companies facilitated by the European International Contractors Association. Gives a background to project partnering and concludes it is a positive development in the construction industry, which has the potential to improve the performance of the international industry. Bibliography. |
| 590 ## - LOCAL NOTE (RLIN) | |
| Local note | ABS |
| 650 ## - SUBJECT ADDED ENTRY--TOPICAL TERM | |
| Topical term or geographic name entry element | INTERNATIONAL |
| 650 ## - SUBJECT ADDED ENTRY--TOPICAL TERM | |
| Topical term or geographic name entry element | EUROPE |
| 650 ## - SUBJECT ADDED ENTRY--TOPICAL TERM | |
| Topical term or geographic name entry element | EUROPEAN INTERNATIONAL CONTRACTORS |
| 650 ## - SUBJECT ADDED ENTRY--TOPICAL TERM | |
| Topical term or geographic name entry element | CONSTRUCTION INDUSTRY |
| 650 ## - SUBJECT ADDED ENTRY--TOPICAL TERM | |
| Topical term or geographic name entry element | PROJECT PARTNERING |
| 690 ## - LOCAL SUBJECT ADDED ENTRY--TOPICAL TERM (OCLC, RLIN) | |
| Topical term or geographic name as entry element | Procurement |
| 9 (RLIN) | 6260 |
| 942 ## - ADDED ENTRY ELEMENTS (KOHA) | |
| Suppress in OPAC | 0 |
| Withdrawn status | Lost status | Source of classification or shelving scheme | Damaged status | Not for loan | Home library | Current library | Shelving location | Date acquired | Total Checkouts | Full call number | Barcode | Date last seen | Copy number | Price effective from | Koha item type |
|---|---|---|---|---|---|---|---|---|---|---|---|---|---|---|---|
| Dewey Decimal Classification | London | London | Journal article | 29/10/2003 | ABS67130 | 124176-1001 | 06/08/2019 | 1 | 06/08/2019 | Journal article |